| 000 | 00519nam a2200193Ia 4500 | ||
|---|---|---|---|
| 003 | GCL | ||
| 008 | 140319s9999 xx 000 0 eng d | ||
| 040 |
_aGCL / _cGCL |
||
| 082 | 0 | 4 |
_a360 _bW P |
| 100 | 1 | _aWENTLING, TIM | |
| 245 | 1 | 0 |
_aPLANNING FOR EFFECTIVE TRAINING: A GUIDE TO CURRICULUM DEVELOPMENT / _cWENTLING, TIM |
| 260 |
_a[S.N] : _bFOOD AND AGRICULTURE ORGANIZATION. ، _c1993 |
||
| 300 | _a270 P | ||
| 650 | 0 | 4 | _aFOOD |
| 650 | 0 | 4 | _aAGRICULTURE |
| 650 | 0 | 4 | _aFAO |
| 650 | 0 | 4 | _aTRAINING |
| 942 |
_2ddc _cBK |
||
| 999 |
_c15174 _d15174 |
||